[Event "Paris Ch op C"]
[Site "Paris "]
[Date "2008.07.05"]
[Round "8.30"]
[White "Spassky, Daniel"]
[Black "Timofeeva, Tatiana"]
[Result "0-1"]
[WhiteElo "1370"]
[BlackElo "1499"]
[PlyCount "64"]
[EventDate "2008.06.28"]
[EventType "swiss"]
[EventRounds "9"]
[EventCountry "FRA"]
[WhiteTeamCountry "FRA"]
[BlackTeamCountry "FRA"]

1. Nc3 e6 2. d4 d5 3. Bf4 Nf6 4. e3 a6 5. Nf3 Nc6 6. Bg5 Be7 7. Be2 O-O 8. O-O
Qd6 9. a3 e5 10. g3 e4 11. Bf4 Qd7 12. Ng5 h6 13. h3 hxg5 14. Bxg5 Qxh3 15.
Bxf6 Bxf6 16. Nxd5 Bd8 17. b4 Ne7 18. c4 Be6 19. Nxc7 Rc8 20. Nxe6 fxe6 21. Bg4
Qh6 22. Qc2 Kf7 23. c5 Rh8 24. f3 Qh1+ 25. Kf2 Qh2+ 26. Ke1 Qxc2 27. fxe4+ Ke8
28. Bf3 Qc3+ 29. Kf2 Qc2+ 30. Be2 Rh2+ 31. Kf3 Qxe2+ 32. Kf4 Ng6# 0-1

[Event "Paris Ch op C"]
[Site "Paris "]
[Date "2008.07.05"]
[Round "8.31"]
[White "Jacquet, Dominique"]
[Black "Minot, Barbara"]
[Result "1-0"]
[WhiteElo "1480"]
[BlackElo "1400"]
[PlyCount "81"]
[EventDate "2008.06.28"]
[EventType "swiss"]
[EventRounds "9"]
[EventCountry "FRA"]
[WhiteTeamCountry "FRA"]
[BlackTeamCountry "FRA"]

1. e4 d6 2. Nc3 Nf6 3. d3 g6 4. f4 Bg4 5. Be2 Bxe2 6. Qxe2 Bh6 7. Qf3 Nbd7 8.
g4 g5 9. h4 Bg7 10. hxg5 Ng8 11. Bd2 c6 12. O-O-O Qb6 13. Nge2 O-O-O 14. Ng3 e6
15. Kb1 Ne7 16. b3 e5 17. f5 f6 18. Nh5 Rhg8 19. gxf6 Nxf6 20. Nxf6 Bxf6 21.
Rxh7 d5 22. g5 Bxg5 23. Bxg5 dxe4 24. Nxe4 Rd7 25. Bxe7 Rg1 26. Rxg1 Qxg1+ 27.
Kb2 Qd4+ 28. c3 Qxd3 29. Qxd3 Rxd3 30. f6 Kd7 31. Nc5+ Ke8 32. Nxd3 e4 33. Bc5
exd3 34. f7+ Kd7 35. f8=Q+ Ke6 36. Qd6+ Kf5 37. Qxd3+ Kf6 38. Re7 b6 39. Qf3+
Kg6 40. Re1 Kh7 41. Rg1 1-0

[Event "Paris Ch op C"]
[Site "Paris "]
[Date "2008.07.05"]
[Round "8.33"]
[White "Eden, Agnes"]
[Black "Cordier, Daniel"]
[Result "1-0"]
[WhiteElo "1290"]
[BlackElo "1460"]
[PlyCount "31"]
[EventDate "2008.06.28"]
[EventType "swiss"]
[EventRounds "9"]
[EventCountry "FRA"]
[WhiteTeamCountry "FRA"]
[BlackTeamCountry "FRA"]

1. e4 e5 2. Nf3 Nc6 3. Bc4 Bc5 4. Nc3 Nf6 5. d3 Ng4 6. O-O O-O 7. Nd5 Kh8 8.
Bg5 f6 9. Bh4 g5 10. Bg3 d6 11. Qd2 h6 12. c3 f5 13. b4 fxe4 14. dxe4 b5 15.
Bxb5 Qe8 16. Nxc7 1-0

[Event "Paris Ch op C"]
[Site "Paris "]
[Date "2008.07.05"]
[Round "8.34"]
[White "Commercon, Joachim"]
[Black "Caille, Hugo"]
[Result "0-1"]
[WhiteElo "1450"]
[BlackElo "1390"]
[PlyCount "94"]
[EventDate "2008.06.28"]
[EventType "swiss"]
[EventRounds "9"]
[EventCountry "FRA"]
[WhiteTeamCountry "FRA"]
[BlackTeamCountry "FRA"]

1. e4 e6 2. d4 d5 3. e5 c5 4. c3 Nc6 5. Nf3 Qb6 6. Be2 Bd7 7. O-O cxd4 8. cxd4
O-O-O 9. b3 Nge7 10. Bb2 Qc7 11. Ng5 Be8 12. Nc3 f6 13. Nxe6 Qd7 14. Nxd8 Qxd8
15. exf6 gxf6 16. Bg4+ Bd7 17. Re1 Bxg4 18. Qxg4+ Kb8 19. Qf4+ Ka8 20. Qxf6 Rg8
21. Qe6 Rh8 22. a3 Bg7 23. Ne2 Ng6 24. b4 Rf8 25. g3 Qg5 26. Qe3 Qg4 27. Kh1 a6
28. Rad1 Rf3 29. Qe8+ Ka7 30. Rf1 Nge7 31. Nf4 Rb3 32. Qh5 Qf5 33. Qxf5 Nxf5
34. Ba1 Rxa3 35. Ne6 Bf6 36. Rfe1 Nxb4 37. Rb1 Nc2 38. Rec1 Ncxd4 39. Nxd4 Bxd4
40. Bxd4+ Nxd4 41. Rd1 Ra4 42. Ra1 Rb4 43. f4 Kb6 44. Rab1 Rxb1 45. Rxb1+ Kc6
46. Kg2 b5 47. Kf1 a5 0-1

[Event "Paris Ch op C"]
[Site "Paris "]
[Date "2008.07.05"]
[Round "8.35"]
[White "Dean, Pietro"]
[Black "Fraval, Julie"]
[Result "0-1"]
[WhiteElo "1440"]
[BlackElo "1320"]
[PlyCount "70"]
[EventDate "2008.06.28"]
[EventType "swiss"]
[EventRounds "9"]
[EventCountry "FRA"]
[WhiteTeamCountry "FRA"]
[BlackTeamCountry "FRA"]

1. e4 e5 2. Nf3 d6 3. Bc4 Be6 4. Bxe6 fxe6 5. d3 Nc6 6. Be3 Qe7 7. Nbd2 Nf6 8.
O-O O-O-O 9. Qe2 g5 10. Nxg5 h6 11. Ngf3 Rg8 12. Ne1 Qf7 13. Nb3 Nh5 14. Qd2
Nf4 15. f3 Nh3+ 16. Kh1 Nf4 17. Nc1 h5 18. Ne2 Bh6 19. g3 Nxe2 20. Qxe2 Bxe3
21. Qxe3 h4 22. gxh4 Rh8 23. Ng2 Rdg8 24. Rf2 Qg7 25. c3 Rh6 26. Rg1 Rxh4 27.
Rff1 Rh5 28. f4 Qh7 29. Nh4 Rxg1+ 30. Rxg1 Rxh4 31. Qg3 exf4 32. Qg2 f3 33. Qf2
Ne5 34. Rg8+ Qxg8 35. Qxh4 Qg2# 0-1

[Event "Paris Ch op C"]
[Site "Paris "]
[Date "2008.07.05"]
[Round "8.36"]
[White "Moisset, Lola"]
[Black "Sommier, Patrick"]
[Result "0-1"]
[WhiteElo "1280"]
[BlackElo "1390"]
[PlyCount "88"]
[EventDate "2008.06.28"]
[EventType "swiss"]
[EventRounds "9"]
[EventCountry "FRA"]
[WhiteTeamCountry "FRA"]
[BlackTeamCountry "FRA"]

1. e4 e5 2. Nf3 Nf6 3. Nxe5 d6 4. Nf3 Nxe4 5. d4 d5 6. Bd3 Nc6 7. O-O Nf6 8.
Nc3 Bd6 9. Re1+ Be6 10. Bg5 O-O 11. Ne5 Nxd4 12. Bxf6 Qxf6 13. Bxh7+ Kh8 14.
Qxd4 c5 15. Qd3 Bxe5 16. Nxd5 Qg5 17. Nc3 g6 18. Bxg6 fxg6 19. Qe3 Qxe3 20.
Rxe3 Rf5 21. Rae1 Bxc3 22. bxc3 Bxa2 23. Rg3 Bf7 24. Rh3+ Kg7 25. Rh4 b5 26.
Re3 Rd8 27. h3 c4 28. Re7 a5 29. Ra7 a4 30. Rb7 Ra8 31. Re4 a3 32. Re1 Kh6 33.
g4 Rf3 34. Kg2 Rf6 35. h4 Bd5+ 36. Kg3 Rf3+ 37. Kh2 Bxb7 38. g5+ Kh5 39. Re6 a2
40. Re7 a1=Q 41. Rxb7 Rh8 42. Rxb5 Qf1 43. Rb8 Qxf2+ 44. Kh1 Rh3# 0-1

[Event "Paris Ch op C"]
[Site "Paris "]
[Date "2008.07.05"]
[Round "8.37"]
[White "Boudia, Rayan"]
[Black "Coadou, Alain"]
[Result "1-0"]
[WhiteElo "1430"]
[BlackElo "1210"]
[PlyCount "57"]
[EventDate "2008.06.28"]
[EventType "swiss"]
[EventRounds "9"]
[EventCountry "FRA"]
[WhiteTeamCountry "FRA"]
[BlackTeamCountry "FRA"]

1. d4 d6 2. c4 c6 3. Nc3 b6 4. e4 Qc7 5. f4 Nd7 6. Nf3 h6 7. Be2 e6 8. O-O g6
9. b3 Ne7 10. Bb2 Bg7 11. Rc1 Bb7 12. a4 a5 13. Qd2 O-O 14. Ba3 f5 15. exf5
Nxf5 16. Qd3 Ne7 17. Nh4 Kh7 18. Bh5 Rf6 19. Rf3 d5 20. Bxe7 Rxf4 21. Qxg6+ Kg8
22. Qxe6+ Kh7 23. Bg6+ Kh8 24. Nf5 Bxd4+ 25. Nxd4 Qe5 26. Qxd7 Qxd4+ 27. Kh1
Qd2 28. Bf6+ Rxf6 29. Qh7# 1-0

[Event "Paris Ch op C"]
[Site "Paris "]
[Date "2008.07.05"]
[Round "8.38"]
[White "Fouliard, Marc"]
[Black "Cohen-Codar, Isabelle"]
[Result "1-0"]
[WhiteElo "1430"]
[BlackElo "1180"]
[PlyCount "91"]
[EventDate "2008.06.28"]
[EventType "swiss"]
[EventRounds "9"]
[EventCountry "FRA"]
[WhiteTeamCountry "FRA"]
[BlackTeamCountry "FRA"]

1. e4 e6 2. d4 d5 3. exd5 exd5 4. Nf3 Nf6 5. Nc3 c5 6. Bb5+ Nc6 7. O-O Be7 8.
Ne5 Qd6 9. Nxc6 bxc6 10. g3 O-O 11. Be2 Bh3 12. Re1 Ne4 13. Nxe4 dxe4 14. Bg4
Bxg4 15. Qxg4 f5 16. dxc5 Qxc5 17. Qe2 Bd6 18. Rd1 Rae8 19. Be3 Qe5 20. Bf4 Qb5
21. Qxb5 cxb5 22. Bxd6 Rf6 23. Bf4 h6 24. h4 Kh7 25. Rd7 Kg6 26. Rxa7 Kh5 27.
Rxg7 Rg6 28. Rxg6 Kxg6 29. Rd1 Re6 30. Rd6 Rxd6 31. Bxd6 Kh5 32. Bf8 e3 33.
fxe3 Kg4 34. Kf2 h5 35. a3 Kh3 36. b3 Kh2 37. a4 b4 38. a5 f4 39. exf4 Kh1 40.
a6 Kh2 41. a7 Kh1 42. a8=Q+ Kh2 43. Kf3 Kh1 44. Qa1+ Kh2 45. Qb1 Kh3 46. Qh1#
1-0

[Event "Paris Ch op C"]
[Site "Paris "]
[Date "2008.07.05"]
[Round "8.39"]
[White "Etienne, Yannick"]
[Black "Sampaio, Victor"]
[Result "1-0"]
[WhiteElo "1190"]
[BlackElo "1350"]
[PlyCount "107"]
[EventDate "2008.06.28"]
[EventType "swiss"]
[EventRounds "9"]
[EventCountry "FRA"]
[WhiteTeamCountry "FRA"]
[BlackTeamCountry "FRA"]

1. e4 e5 2. Nf3 Nc6 3. Bb5 d6 4. O-O Bd7 5. Bc4 g6 6. Re1 Bg7 7. c3 Nf6 8. d4
Bg4 9. h3 Bxf3 10. gxf3 O-O 11. Be3 d5 12. exd5 Nxd5 13. Bxd5 Qxd5 14. dxe5
Qxe5 15. Nd2 Rad8 16. Qe2 Qh5 17. Kg2 Bh6 18. f4 Rfe8 19. Qxh5 gxh5 20. Nf1 Kh8
21. h4 Rd7 22. Ng3 Rde7 23. Nxh5 Na5 24. Nf6 Ra8 25. Kh1 Re6 26. Ng4 Rae8 27.
Bd4+ Bg7 28. Bxg7+ Kxg7 29. Rg1 Kh8 30. Ne3 Rf6 31. f5 Re4 32. Rg4 Rxg4 33.
Nxg4 Rxf5 34. Kg2 Nc4 35. b3 Nd6 36. f3 Rh5 37. Re1 Rxh4 38. Re7 c6 39. c4 c5
40. Rd7 f5 41. Nf6 Nc8 42. Rxb7 Rh6 43. Rb8 Rxf6 44. Rxc8+ Kg7 45. Rxc5 Rf7 46.
b4 h5 47. Kh3 Kg6 48. Kh4 Rf6 49. b5 a6 50. Rc6 axb5 51. Rxf6+ Kxf6 52. cxb5
Ke6 53. b6 Kd7 54. a4 1-0

[Event "Paris Ch op C"]
[Site "Paris "]
[Date "2008.07.05"]
[Round "8.40"]
[White "Nicodeme, Adrien"]
[Black "Dupont, Jean-Louis"]
[Result "0-1"]
[WhiteElo "1250"]
[BlackElo "1280"]
[PlyCount "46"]
[EventDate "2008.06.28"]
[EventType "swiss"]
[EventRounds "9"]
[EventCountry "FRA"]
[WhiteTeamCountry "FRA"]
[BlackTeamCountry "FRA"]

1. d4 e6 2. Nf3 d5 3. Bf4 Ne7 4. Nbd2 Ng6 5. e4 Nxf4 6. g3 Ng6 7. Bg2 Bb4 8. c3
Be7 9. O-O Nd7 10. Re1 dxe4 11. Nxe4 b6 12. g4 Bb7 13. Qd3 O-O 14. Nfd2 Nf4 15.
Qg3 Nxg2 16. Qxg2 Kh8 17. Qh3 f5 18. gxf5 exf5 19. Ng3 Bg5 20. Nc4 f4 21. Ne5
Nxe5 22. Rxe5 fxg3 23. Rxg5 Qxg5 0-1

[Event "Paris Ch op C"]
[Site "Paris "]
[Date "2008.07.05"]
[Round "8.41"]
[White "Su, Sylvie"]
[Black "Zeitoun, David"]
[Result "0-1"]
[WhiteElo "1199"]
[BlackElo "1330"]
[PlyCount "76"]
[EventDate "2008.06.28"]
[EventType "swiss"]
[EventRounds "9"]
[EventCountry "FRA"]
[WhiteTeamCountry "FRA"]
[BlackTeamCountry "FRA"]

1. e4 c6 2. d4 d5 3. Nc3 e6 4. Nf3 c5 5. Bg5 f6 6. Bb5+ Bd7 7. Bh4 Qa5 8. a4
dxe4 9. Nd2 cxd4 10. Nc4 Qc7 11. Nxe4 f5 12. Ng5 Bb4+ 13. c3 dxc3 14. O-O cxb2
15. Rb1 Bxb5 16. Nxe6 Qxc4 17. axb5 Qxe6 18. Qd3 Nf6 19. Qd4 Ba5 20. Rxb2 O-O
21. h3 Nbd7 22. Rd1 Rad8 23. Qa4 b6 24. Rbb1 Nc5 25. Qa3 Rxd1+ 26. Rxd1 h6 27.
Qf3 Nce4 28. Qe2 g5 29. Bg3 Nd5 30. f3 Ndc3 31. Qe1 Nxd1 32. Qxd1 Nxg3 33. Kh2
Qe5 34. Qc1 Ne2+ 35. f4 Qxf4+ 36. g3 Qxc1 37. h4 Qg1+ 38. Kh3 Qxg3# 0-1

[Event "Paris Ch op C"]
[Site "Paris "]
[Date "2008.07.05"]
[Round "8.42"]
[White "Nadarajah, Phanujah"]
[Black "Vallipuram, Tarujan"]
[Result "1-0"]
[WhiteElo "1160"]
[BlackElo "1280"]
[PlyCount "87"]
[EventDate "2008.06.28"]
[EventType "swiss"]
[EventRounds "9"]
[EventCountry "FRA"]
[WhiteTeamCountry "FRA"]
[BlackTeamCountry "FRA"]

1. e4 e5 2. Nf3 Nc6 3. Nc3 Bc5 4. Bc4 Nf6 5. d3 Ng4 6. Be3 Bxe3 7. fxe3 Nxe3 8.
Qe2 Nxc4 9. dxc4 O-O 10. O-O-O d6 11. c5 Bg4 12. h3 Bxf3 13. Qxf3 Qg5+ 14. Kb1
Nd4 15. Qd3 Qxg2 16. cxd6 cxd6 17. Rhg1 Qf2 18. Rdf1 Qh2 19. a3 Rac8 20. Qg3
Qxc2+ 21. Ka1 Nb3+ 22. Ka2 g6 23. Nd5 Rc4 24. Qxb3 Qxe4 25. Nc3 Qd4 26. Rd1 Qf4
27. Rxd6 Rd4 28. Rxd4 Qxd4 29. Rd1 Qf4 30. Nd5 Qf5 31. Ne7+ Kg7 32. Nxf5+ gxf5
33. Qxb7 e4 34. Qc6 f6 35. Rg1+ Kh6 36. Qd6 Rf7 37. Qf4+ Kh5 38. Qxf5+ Kh6 39.
Qxe4 Kh5 40. Qf5+ Kh6 41. Qe6 Rf8 42. Qe7 Rb8 43. Qxf6+ Kh5 44. Qg5# 1-0

[Event "Paris Ch op C"]
[Site "Paris "]
[Date "2008.07.05"]
[Round "8.43"]
[White "Olivier, Camille"]
[Black "Le Cour, Hugo"]
[Result "0-1"]
[WhiteElo "1260"]
[BlackElo "1130"]
[PlyCount "66"]
[EventDate "2008.06.28"]
[EventType "swiss"]
[EventRounds "9"]
[EventCountry "FRA"]
[WhiteTeamCountry "FRA"]
[BlackTeamCountry "FRA"]

1. e4 e5 2. Nf3 Nc6 3. Bc4 Nf6 4. Nc3 Bb4 5. d3 O-O 6. Bd2 d6 7. O-O Bg4 8. a3
Bxc3 9. Bxc3 d5 10. exd5 Nxd5 11. h3 Bh5 12. Re1 Re8 13. Bb5 Qd6 14. Bxc6 bxc6
15. Bb4 Nxb4 16. axb4 Rad8 17. Re3 e4 18. dxe4 Qxd1+ 19. Rxd1 Rxd1+ 20. Kh2
Bxf3 21. gxf3 h6 22. Ra3 Rd2 23. Rxa7 Rxf2+ 24. Kg3 Rxc2 25. Rxc7 Rxb2 26. Rxc6
Rxb4 27. Kf2 Rb2+ 28. Ke3 f5 29. Kf4 fxe4 30. fxe4 Rb4 31. Kf5 Rbxe4 32. Rc7
R4e5+ 33. Kg6 Rg5# 0-1

[Event "Paris Ch op C"]
[Site "Paris "]
[Date "2008.07.05"]
[Round "8.44"]
[White "Clement, Charlene"]
[Black "Azouni, Anais"]
[Result "0-1"]
[WhiteElo "1130"]
[BlackElo "1250"]
[PlyCount "124"]
[EventDate "2008.06.28"]
[EventType "swiss"]
[EventRounds "9"]
[EventCountry "FRA"]
[WhiteTeamCountry "FRA"]
[BlackTeamCountry "FRA"]

1. e4 e6 2. d4 d5 3. exd5 exd5 4. Qe2+ Qe7 5. Qxe7+ Bxe7 6. Nf3 c5 7. Nc3 Nf6
8. Bb5+ Nbd7 9. Bxd7+ Bxd7 10. dxc5 Bxc5 11. Be3 Be7 12. Bd4 O-O 13. Bxf6 Bxf6
14. Nxd5 Bxb2 15. Rb1 Rfe8+ 16. Kd2 Be5 17. Rhe1 f6 18. Nxe5 Rxe5 19. Rxe5 fxe5
20. Re1 Rd8 21. Rxe5 Bc6 22. c4 b5 23. Kc3 Bxd5 24. cxd5 Rc8+ 25. Kb4 a6 26.
Ka5 Kf7 27. Re6 Rc5 28. Rd6 Ke7 29. Rxa6 Rxd5 30. Ra7+ Kf6 31. Rb7 Rd2 32. Rxb5
Rxa2+ 33. Kb6 Rxf2 34. g4 Rxh2 35. Rf5+ Ke6 36. Kc5 Rc2+ 37. Kd4 g6 38. Re5+
Kf6 39. g5+ Kf7 40. Kd3 Rg2 41. Ke4 Rg4+ 42. Kd5 Rf4 43. Re6 Rf5+ 44. Kd6 Rxg5
45. Re7+ Kf8 46. Kd7 Rd5+ 47. Ke6 Ra5 48. Kd7 Ra7+ 49. Ke6 Rxe7+ 50. Kf6 Rf7+
51. Kg5 Rf5+ 52. Kh6 g5 53. Kxh7 g4 54. Kg6 Rf2 55. Kg5 g3 56. Kh4 g2 57. Kg3
Ra2 58. Kh2 Kf7 59. Kg1 Kf6 60. Kh2 Kf5 61. Kg3 g1=Q+ 62. Kf3 Qf2# 0-1

[Event "Paris Ch op C"]
[Site "Paris "]
[Date "2008.07.05"]
[Round "8.45"]
[White "Dautricourt, Olivier"]
[Black "Lachkar, Dan"]
[Result "1-0"]
[WhiteElo "1199"]
[BlackElo "1120"]
[PlyCount "115"]
[EventDate "2008.06.28"]
[EventType "swiss"]
[EventRounds "9"]
[EventCountry "FRA"]
[WhiteTeamCountry "FRA"]
[BlackTeamCountry "FRA"]

1. e4 c6 2. d4 d5 3. e5 g6 4. Nf3 Bg7 5. Nc3 f6 6. Bf4 Bg4 7. Qd3 Bf5 8. Qd2
Nd7 9. O-O-O g5 10. exf6 exf6 11. Re1+ Ne7 12. Bd6 Bf8 13. h4 g4 14. h5 gxf3
15. gxf3 Nb6 16. Bc5 Qc7 17. Bxb6 axb6 18. Bh3 O-O-O 19. Bxf5+ Nxf5 20. Qd3 Qd7
21. Na4 b5 22. Nb6+ Kc7 23. Nxd7 Rxd7 24. Qxf5 Bg7 25. h6 Bf8 26. Qxf6 Rg8 27.
Re8 Be7 28. Qf7 Bg5+ 29. Kd1 Rxf7 30. Rxg8 Rf5 31. Rh8 Rf7 32. f4 Bxf4 33. Rg1
Bxh6 34. Rh1 Bg7 35. R8xh7 Kd6 36. Rg1 Rxf2 37. Rhxg7 c5 38. R7g6+ Kc7 39. dxc5
Rf4 40. Rh1 Rc4 41. Rh7+ Kb8 42. c6 Ka7 43. cxb7 Ra4 44. Rg8 Ka6 45. b8=Q Ka5
46. Qa8+ Kb4 47. Rh4+ Kc5 48. Rxa4 bxa4 49. Qxa4 Kd6 50. Rg5 Ke6 51. Qa6+ Kf7
52. Rf5+ Ke7 53. Qf6+ Kd7 54. Rxd5+ Kc7 55. Rd6 Kc8 56. Qe6+ Kb8 57. Rd7 Kc8
58. Qe8# 1-0

[Event "Paris Ch op C"]
[Site "Paris "]
[Date "2008.07.05"]
[Round "8.46"]
[White "Marchal, Quentin"]
[Black "Tiberghien, Luc"]
[Result "1-0"]
[WhiteElo "1130"]
[BlackElo "1030"]
[PlyCount "89"]
[EventDate "2008.06.28"]
[EventType "swiss"]
[EventRounds "9"]
[EventCountry "FRA"]
[WhiteTeamCountry "FRA"]
[BlackTeamCountry "FRA"]

1. e4 e5 2. Nf3 Nf6 3. Nc3 d6 4. Bc4 Qd7 5. d3 Be7 6. Be3 O-O 7. O-O Nc6 8. Re1
a6 9. Qd2 b5 10. Bd5 b4 11. Ne2 h6 12. Bxc6 Qxc6 13. d4 Ng4 14. d5 Qd7 15. Qxb4
Nxe3 16. fxe3 a5 17. Qd2 Rb8 18. b3 f5 19. exf5 Rxf5 20. e4 Rh5 21. Ng3 Bh4 22.
Nxh5 Bxe1 23. Qxe1 Ba6 24. c4 a4 25. Qg3 Kh8 26. Nh4 Rg8 27. Rf1 Qe7 28. Nf5
Qg5 29. Qxg5 hxg5 30. Rf3 g6 31. Ne7 g4 32. Nxg8 gxf3 33. Nhf6 Kg7 34. gxf3 Bc8
35. Kg2 c5 36. dxc6 Be6 37. bxa4 Bxc4 38. c7 Ba6 39. Kg3 g5 40. h4 Kg6 41. hxg5
Kf7 42. Nh6+ Kg6 43. Kg4 Bc8+ 44. Kh4 Be6 45. Ne8 1-0

[Event "Paris Ch op C"]
[Site "Paris "]
[Date "2008.07.05"]
[Round "8.47"]
[White "Sancey, Frederic"]
[Black "Banat, Ryan"]
[Result "1-0"]
[WhiteElo "1070"]
[BlackElo "1020"]
[PlyCount "47"]
[EventDate "2008.06.28"]
[EventType "swiss"]
[EventRounds "9"]
[EventCountry "FRA"]
[WhiteTeamCountry "FRA"]
[BlackTeamCountry "FRA"]

1. d4 d5 2. c4 c5 3. Nf3 Nd7 4. Nc3 Ngf6 5. e3 e6 6. Bd3 Bd6 7. O-O O-O 8. Re1
Re8 9. e4 e5 10. Bg5 exd4 11. Nxd5 Qa5 12. b4 cxb4 13. Rb1 h6 14. h4 hxg5 15.
Nxg5 Nc5 16. Nxf6+ gxf6 17. Qd2 Na6 18. e5 fxe5 19. Nh7 Qd8 20. Qh6 Be7 21. Qh5
Bxh4 22. g3 Be7 23. Nf8 Rxf8 24. Qh7# 1-0

[Event "Paris Ch op C"]
[Site "Paris "]
[Date "2008.07.05"]
[Round "8.48"]
[White "Banat, Samy"]
[Black "Le Cour, Valentin"]
[Result "0-1"]
[WhiteElo "1010"]
[BlackElo "1020"]
[PlyCount "122"]
[EventDate "2008.06.28"]
[EventType "swiss"]
[EventRounds "9"]
[EventCountry "FRA"]
[WhiteTeamCountry "FRA"]
[BlackTeamCountry "FRA"]

1. e4 e5 2. Nf3 Nf6 3. Bb5 Bb4 4. c3 a6 5. Nxe5 axb5 6. cxb4 Nxe4 7. Qh5 O-O 8.
O-O d6 9. Nc6 bxc6 10. b3 Nf6 11. Qh4 Bg4 12. f3 Bf5 13. g4 Bxb1 14. Rxb1 Nd5
15. Bb2 Nxb4 16. Qg5 Qxg5 17. f4 Qxg4+ 18. Kh1 Nxa2 19. Rg1 Qxf4 20. Rg2 Qe4
21. Rbg1 Nb4 22. h3 Qc2 23. Bxg7 Re8 24. Bf6+ Qg6 25. d3 Nd5 26. Rxg6+ fxg6 27.
h4 Nxf6 28. h5 Nxh5 29. Rg5 Re1+ 30. Kh2 Re2+ 31. Kh3 Re3+ 32. Kh2 Rxd3 33. Kh1
Ng3+ 34. Kg1 Ne2+ 35. Kf2 h6 36. Rxg6+ Kh7 37. Re6 Nd4 38. Re7+ Kg6 39. Rxc7
Rf3+ 40. Kg2 c5 41. Re7 c4 42. bxc4 bxc4 43. Re1 Ra2+ 44. Kh1 Rh3+ 45. Kg1 Re2
46. Kf1 Rf3+ 47. Kg1 Rg2+ 48. Kxg2 Rd3 49. Rg1 c3 50. Rc1 Ne2 51. Rc2 Nd4 52.
Rc1 c2 53. Rg1 Ne2 54. Kh2+ Nxg1 55. Kxg1 c1=Q+ 56. Kg2 Qd1 57. Kf2 Qf3+ 58.
Ke1 Qe3+ 59. Kf1 Rd1+ 60. Kg2 Rd2+ 61. Kh1 Qe1# 0-1

[Event "Paris Ch op C"]
[Site "Paris "]
[Date "2008.07.06"]
[Round "9.15"]
[White "Duffaud, Celia"]
[Black "Geoffroy, Boris"]
[Result "1-0"]
[WhiteElo "1390"]
[BlackElo "1330"]
[PlyCount "49"]
[EventDate "2008.06.28"]
[EventType "swiss"]
[EventRounds "9"]
[EventCountry "FRA"]
[WhiteTeamCountry "FRA"]
[BlackTeamCountry "FRA"]

1. e4 e5 2. Nf3 Nc6 3. Bc4 Bc5 4. d3 Nf6 5. O-O O-O 6. Bg5 d6 7. Nc3 Qe7 8. Nd5
Qd8 9. Qd2 Kh8 10. Bxf6 gxf6 11. Qh6 Rg8 12. Nxf6 Rg7 13. Ng5 Qg8 14. Nxg8 Kxg8
15. Qf6 Be6 16. Bxe6 fxe6 17. Nxe6 Rf7 18. Qg5+ Kh8 19. c3 Re8 20. Nxc5 dxc5
21. f4 Rg8 22. Qh4 Rfg7 23. g3 Rg4 24. Qf6+ R4g7 25. fxe5 1-0

[Event "Paris Ch op C"]
[Site "Paris "]
[Date "2008.07.06"]
[Round "9.16"]
[White "Morgan, Jacques"]
[Black "Weintraub, Richard"]
[Result "1-0"]
[WhiteElo "1370"]
[BlackElo "1470"]
[PlyCount "117"]
[EventDate "2008.06.28"]
[EventType "swiss"]
[EventRounds "9"]
[EventCountry "FRA"]
[WhiteTeamCountry "FRA"]
[BlackTeamCountry "FRA"]

1. d4 Nf6 2. c4 e6 3. Nc3 d5 4. Bg5 Nbd7 5. cxd5 exd5 6. Nxd5 Nxd5 7. Bxd8 Bb4+
8. Qd2 Bxd2+ 9. Kxd2 Kxd8 10. g3 Ke7 11. Bg2 N5f6 12. e4 Nb6 13. Rc1 c6 14. Ne2
Re8 15. Nf4 Kf8 16. e5 Nfd5 17. Nxd5 Nxd5 18. Rhf1 Be6 19. f4 f5 20. Bf3 Rad8
21. a3 Nc7 22. Ke3 Nb5 23. Rcd1 Nc7 24. Be2 Na8 25. h3 Nb6 26. Rc1 Bd5 27. Rf2
Re7 28. g4 g6 29. Rh2 Red7 30. Rd1 Bc4 31. Bxc4 Nxc4+ 32. Kf3 Rxd4 33. Rxd4
Rxd4 34. Kg3 Ne3 35. Re2 Nd5 36. Rf2 Re4 37. Rf3 Ne3 38. Kh4 Ng2+ 39. Kg5 Kg7
40. gxf5 gxf5 41. Kxf5 Re2 42. Ke6 Rxb2 43. Ke7 Nh4 44. Rg3+ Ng6+ 45. Ke6 Kh6
46. f5 Nf4+ 47. Kf7 Nh5 48. Rg4 Rb5 49. Ke6 Ng7+ 50. Kf6 Ne8+ 51. Ke6 Nc7+ 52.
Kf6 Nd5+ 53. Ke6 Ne3 54. Re4 Nd5 55. f6 Nc7+ 56. Kd7 Nd5 57. f7 Nf6+ 58. exf6
Rd5+ 59. Ke8 1-0

[Event "Paris Ch op C"]
[Site "Paris "]
[Date "2008.07.06"]
[Round "9.17"]
[White "Vega-Ritter, Isabelle"]
[Black "Delhy, Jacques"]
[Result "1/2-1/2"]
[WhiteElo "1469"]
[BlackElo "1320"]
[PlyCount "69"]
[EventDate "2008.06.28"]
[EventType "swiss"]
[EventRounds "9"]
[EventCountry "FRA"]
[WhiteTeamCountry "FRA"]
[BlackTeamCountry "FRA"]

1. d4 Nf6 2. Bg5 Ne4 3. Bf4 e6 4. Nf3 d5 5. e3 Nc6 6. Bd3 Be7 7. c3 O-O 8. O-O
f5 9. Nbd2 Bf6 10. a3 Bd7 11. c4 Be8 12. cxd5 exd5 13. Bc2 Bh5 14. Qb1 Bxf3 15.
Nxf3 Ne7 16. Bxe4 dxe4 17. Qa2+ Kh8 18. Nd2 Nd5 19. Be5 Bxe5 20. dxe5 c6 21.
Nc4 Qe7 22. f4 g5 23. Qb3 Rg8 24. Nd6 Raf8 25. Rae1 gxf4 26. exf4 Qg7 27. Re2
Qh6 28. Ref2 e3 29. Rf3 Rg4 30. Qxb7 Qg6 31. g3 Rxf4 32. Rxf4 e2 33. Rg4
exf1=Q+ 34. Kxf1 fxg4+ 35. Ke2 1/2-1/2

[Event "Paris Ch op C"]
[Site "Paris "]
[Date "2008.07.06"]
[Round "9.18"]
[White "Siaugues, Jean-Claude"]
[Black "Nadarajah, Piruntha"]
[Result "0-1"]
[WhiteElo "1370"]
[BlackElo "1380"]
[PlyCount "26"]
[EventDate "2008.06.28"]
[EventType "swiss"]
[EventRounds "9"]
[EventCountry "FRA"]
[WhiteTeamCountry "FRA"]
[BlackTeamCountry "FRA"]

1. d4 d5 2. Nf3 Nf6 3. e3 Nc6 4. Bd3 Bg4 5. Nbd2 e5 6. dxe5 Nxe5 7. O-O Bb4 8.
Be2 Bxf3 9. Nxf3 Nxf3+ 10. Bxf3 Bd6 11. h3 O-O 12. Bxd5 Nxd5 13. Qxd5 Bh2+ 0-1

[Event "Paris Ch op C"]
[Site "Paris "]
[Date "2008.07.06"]
[Round "9.20"]
[White "Puyo, Elisabeth"]
[Black "Antoni, Marc"]
[Result "1-0"]
[WhiteElo "1300"]
[BlackElo "1370"]
[PlyCount "37"]
[EventDate "2008.06.28"]
[EventType "swiss"]
[EventRounds "9"]
[EventCountry "FRA"]
[WhiteTeamCountry "FRA"]
[BlackTeamCountry "FRA"]

1. e4 b6 2. d4 Bb7 3. Nc3 e6 4. Nf3 Bb4 5. Bd3 Nf6 6. Bg5 h6 7. Bxf6 Qxf6 8. e5
Bxc3+ 9. bxc3 Bxf3 10. Qxf3 Qxf3 11. gxf3 d6 12. f4 Nd7 13. Rg1 g6 14. Kd2 Ke7
15. Rae1 Rhg8 16. Re3 f5 17. exd6+ cxd6 18. Bc4 d5 19. Bxd5 1-0

[Event "Paris Ch op C"]
[Site "Paris "]
[Date "2008.07.06"]
[Round "9.21"]
[White "Sriskantharajah, Niroshan"]
[Black "Champs, Sandra"]
[Result "1-0"]
[WhiteElo "1370"]
[BlackElo "1499"]
[PlyCount "73"]
[EventDate "2008.06.28"]
[EventType "swiss"]
[EventRounds "9"]
[EventCountry "FRA"]
[WhiteTeamCountry "FRA"]
[BlackTeamCountry "FRA"]

1. e4 e6 2. d4 d5 3. e5 c5 4. c3 Nc6 5. Nf3 Nge7 6. Bd3 Ng6 7. Be3 cxd4 8. cxd4
Be7 9. Nfd2 Bd7 10. O-O O-O 11. Nc3 Nb4 12. Bb1 a6 13. a3 Nc6 14. f4 f6 15. Nf3
f5 16. Bd3 Na5 17. Rc1 Rc8 18. Qe2 Nc4 19. Nd1 Bb5 20. Nf2 Nxe3 21. Qxe3 Bxd3
22. Nxd3 Rxc1 23. Rxc1 b6 24. Qe1 Nh4 25. Nxh4 Bxh4 26. g3 Be7 27. Nb4 Bxb4 28.
Qxb4 a5 29. Qd6 Qb8 30. Qxe6+ Kh8 31. Qxd5 Qd8 32. Qxd8 Rxd8 33. d5 g6 34. d6
Kg7 35. Rc7+ Kf8 36. Rxh7 Rc8 37. Rh8+ 1-0